The International business environment / (Record no. 719)
[ view plain ]
| 000 -LEADER | |
|---|---|
| fixed length control field | 00961nam a22002057a 4500 |
| 008 - FIXED-LENGTH DATA ELEMENTS--GENERAL INFORMATION | |
| fixed length control field | 120417t xxu||||| |||| 00| 0 eng d |
| 020 ## - INTERNATIONAL STANDARD BOOK NUMBER | |
| International Standard Book Number | 0273682474 |
| 050 ## - LIBRARY OF CONGRESS CALL NUMBER | |
| Classification number | HD31.B75 |
| 100 ## - MAIN ENTRY--PERSONAL NAME | |
| Personal name | Brooks, Ian |
| 245 ## - TITLE STATEMENT | |
| Title | The International business environment / |
| Statement of responsibility, etc. | Ian Brooks, Jamie Weatherston and Graham Wilkinson. |
| 260 ## - PUBLICATION, DISTRIBUTION, ETC. | |
| Place of publication, distribution, etc. | Harlow: |
| Name of publisher, distributor, etc. | Prentice Hall, |
| Date of publication, distribution, etc. | 2004. |
| 300 ## - PHYSICAL DESCRIPTION | |
| Extent | xi, 363 p.: |
| Other physical details | ill; |
| Dimensions | 26cm. |
| 500 ## - GENERAL NOTE | |
| General note | includes index. |
| 505 ## - FORMATTED CONTENTS NOTE | |
| Formatted contents note | Contents: The International business environment: The Competitive environment -- The International economic environment -- The Technological environment -- The International cultural, demographic and social environment -- The Ecological environement -- The International political environment -- The Legal environment -- Chanllenges and changes -- Case studies. |
| 650 ## - SUBJECT ADDED ENTRY--TOPICAL TERM | |
| Topical term or geographic name entry element | International Business |
| 700 ## - ADDED ENTRY--PERSONAL NAME | |
| Personal name | Weatherston, Jamie |
| 700 ## - ADDED ENTRY--PERSONAL NAME | |
| Personal name | Wilkinson, Graham |
| 700 ## - ADDED ENTRY--PERSONAL NAME | |
| Personal name | Wilkinson Graham |
| 942 ## - ADDED ENTRY ELEMENTS (KOHA) | |
| Source of classification or shelving scheme | Library of Congress Classification |
| Koha item type | Books |
| Withdrawn status | Lost status | Source of classification or shelving scheme | Damaged status | Not for loan | Home library | Current library | Shelving location | Date acquired | Total Checkouts | Full call number | Barcode | Date last seen | Price effective from | Koha item type |
|---|---|---|---|---|---|---|---|---|---|---|---|---|---|---|
| Library of Congress Classification | WISCONSIN INTERNATIONAL UNIVERSITY COLLEGE, GHANA - MAIN LIBRARY | WISCONSIN INTERNATIONAL UNIVERSITY COLLEGE, GHANA - MAIN LIBRARY | General Stacks | 17/04/2012 | HD31.B75 | 1660/12 | 17/04/2012 | 17/04/2012 | Books | |||||
| Library of Congress Classification | WISCONSIN INTERNATIONAL UNIVERSITY COLLEGE, GHANA - MAIN LIBRARY | WISCONSIN INTERNATIONAL UNIVERSITY COLLEGE, GHANA - MAIN LIBRARY | General Stacks | 17/04/2012 | HD31.B751 | 1661/12 | 17/04/2012 | 17/04/2012 | Books |
